Pennsylvanian flora of northern Illinois, (Record no. 26473)

MARC details
000 -LEADER
fixed length control field 00885nam a22002411 4500
001 - CONTROL NUMBER
control field gs 26000254
003 - CONTROL NUMBER IDENTIFIER
control field DLC
005 - DATE AND TIME OF LATEST TRANSACTION
control field 20260227111330.0
008 - FIXED-LENGTH DATA ELEMENTS--GENERAL INFORMATION
fixed length control field 901113s1925 iluf 00010 eng c
010 ## - LIBRARY OF CONGRESS CONTROL NUMBER
LC control number gs 26000254 //r902
040 ## - CATALOGING SOURCE
Original cataloging agency U.S. Geol. Survey Libr./ICU
Transcribing agency ICU
043 ## - GEOGRAPHIC AREA CODE
Geographic area code n-us-il
050 10 - LIBRARY OF CONGRESS CALL NUMBER
Classification number QE105
Item number .A16 no. 52
100 10 - MAIN ENTRY--PERSONAL NAME
Personal name Noé, A. C.
Fuller form of name (Adolf Carl),
Dates associated with a name 1873-1939.
245 10 - TITLE STATEMENT
Title Pennsylvanian flora of northern Illinois,
Statement of responsibility, etc. by A.C. Noé.
260 1# - PUBLICATION, DISTRIBUTION, ETC.
Place of publication, distribution, etc. Urbana, Ill.,
Date of publication, distribution, etc. 1925.
300 ## - PHYSICAL DESCRIPTION
Extent 113 p. incl. XLV pl.
Dimensions 26 cm.
490 1# - SERIES STATEMENT
Series statement Illinois. State geological survey. Bulletin,
Volume/sequential designation no. 52
500 ## - GENERAL NOTE
General note At head of title: State of Illinois. Department of registration and education. Division of the geological survey.
650 #0 - SUBJECT ADDED ENTRY--TOPICAL TERM
Topical term or geographic name entry element Paleobotany
Geographic subdivision Illinois.
650 #0 - SUBJECT ADDED ENTRY--TOPICAL TERM
Topical term or geographic name entry element Paleontology
Chronological subdivision Carboniferous.
830 #0 - SERIES ADDED ENTRY--UNIFORM TITLE
Uniform title Bulletin (Illinois State Geological Survey) ;
Volume/sequential designation no. 52.

No items available.

Powered by Koha